000 00828nam a2200277 a 4500
001 61984
003 BD-RjUL
005 20211209081027.0
008 170122s1971 nyua b 001 0 eng d
020 _a0471302481
035 _a(BD-RjUL)62109
040 _aDLC
_cDLC
_dNOH
_dBD-RjUL
_beng
041 _aeng
082 _a658.87
_223
_bGIB 1971
100 1 _aGist, Ronald R.
_9182646
245 1 0 _aBasic retailing :
_btext and cases /
_cRonald R. Gist
260 _aNew York :
_bWiley,
_c c1971
300 _axii, 554 p. :
_bill. ;
_c24 cm.
490 1 _aWiley marketing series
504 _aIncludes bibliographical references
650 0 _aRetail trade
_xManagement
_9175357
650 0 _aRetail trade
_9183416
650 2 _aRetail Trade
_xmanagement
_9175357
830 0 _aWiley marketing series
_9184458
942 _2ddc
_cBK
999 _c61984
_d61984